000 00734nam a2200217 i 4500
001 124677
003 ES-MaACL
005 20230906192454.0
007 t|
008 070417s1922 sp ||||1| spa d
100 1 _aGarcía Alvarez, Enrique.
_9185668
245 1 0 _aLarrea y Lamata
_b: juguete cómico en dos actos /
_coriginal de Enrique García Alvarez.
260 _a[Madrid :
_bLa Novela Teatral,
_c1922]
300 _a16 h. ;
_c20 cm.
490 1 _aLa novela teatral ;
_v317
500 _aEn la cub. caricatura de Enrique Muiño (actor argentino) por Tovar.
700 0 _aTovar
_c, ilustrador.
_9157378
830 0 _aLa novela teatral ;
_v317
_9122427
852 _aES-MaACL
_j2216-F-19
_bR.138793
999 _c124677
_d124677